Potassium dynamics in soils in relation to crop nutrition (Record no. 65367)

MARC details
000 -LEADER
fixed length control field 00391nam a2200133Ia 4500
100 ## - MAIN ENTRY--AUTHOR NAME
Personal name Pasricha N S
245 #0 - TITLE STATEMENT
Title Potassium dynamics in soils in relation to crop nutrition
260 ## - PUBLICATION, DISTRIBUTION, ETC. (IMPRINT)
Name of publisher Journal of the Indian Society of Soil Science
Year of publication 2002
300 ## - PHYSICAL DESCRIPTION
Number of Pages 333-344
650 ## - SUBJECT ADDED ENTRY--TOPICAL TERM
Topical Term N:K consumption ratio
650 ## - SUBJECT ADDED ENTRY--TOPICAL TERM
Topical Term Soil potassium
942 ## - ADDED ENTRY ELEMENTS (KOHA)
Koha item type Journals
Holdings
Withdrawn status Lost status Damaged status Not for loan Home library Current library Shelving location Date acquired Serial Enumeration / chronology Koha item type
      Journals RRII Library RRII Library Soils and agonomy 23/04/2003 Volume 50, Issue 4 Journals